000 00515nam a2200145Ia 4500
008 100122s9999 xx 000 0 und d
082 _b61191
_a81
100 _aपंडित नलिनी
245 _aजागतिकीकरण आणि भारत
260 _bलोकवाड.मय गृह प्रकाशन
_c2001
300 _a137
630 _aजागतिकीकरण आणि भारत
730 _aजागतिकीकरण आणि भारत
942 _cBOOK
999 _c436065
_d436062